| 000 | 00407nam a2200169Ia 4500 | ||
|---|---|---|---|
| 008 | 230524s9999 xx 000 0 und d | ||
| 020 | _a8173193932 | ||
| 082 |
_a541.3 _bCHA |
||
| 100 | _aD.K.Chakraborty | ||
| 245 | 3 | _aAn introduction to Physical Chemistry | |
| 250 | _a2nd | ||
| 260 |
_aNEW DELHI _bNarosa _c2001 |
||
| 300 | _a399 | ||
| 500 | _aQuantity Number: 2 | ||
| 650 | _aChemistry | ||
| 942 | _cBK | ||
| 999 |
_c4099 _d4099 |
||